000 00947cab a2200205 4500
001 ##L135560
008 061108n2006 000 0 eng u
035 _a(Sirsi) u135560
041 0 _aeng
110 2 _aBuilding Research Establishment
245 0 0 _aGround breaking demonstration buildings to be unveiled at OFFSITE2007
260 _c2006
490 0 _aBRE News Release
_v24 October 2006
520 _aThe pioneering, full scale demonstration buildings will include three innovative houses from sponsors Hanson, Spaceover and Osborne and a school of the future by Re-Thinking. The buildings will show how modern methods of construction can achieve higher levels of performance than conventional methods.
590 _aIKA141106
651 4 _aUnited Kingdom
_y
690 _aBUILT ENVIRONMENT-CONSTRUCTION DESIGN
856 4 0 _uhttps://www.bre.co.uk/newsdetails.jsp?id=417
_zView the item free of charge at www.bre.co.uk...
942 _n0
999 _c77937
_d77937